| 000 -LEADER |
| fixed length control field |
00443nam a22001695i 4500 |
| 003 - CONTROL NUMBER IDENTIFIER |
| control field |
OSt |
| 005 - DATE AND TIME OF LATEST TRANSACTION |
| control field |
20240117095439.0 |
| 008 - FIXED-LENGTH DATA ELEMENTS--GENERAL INFORMATION |
| fixed length control field |
221109s2023 mau 000 0 eng |
| 020 ## - INTERNATIONAL STANDARD BOOK NUMBER |
| International Standard Book Number |
9783035624151 |
| Qualifying information |
(hardcover) |
| 042 ## - AUTHENTICATION CODE |
| Authentication code |
pcc |
| 100 1# - MAIN ENTRY--PERSONAL NAME |
| Personal name |
Brandi, Ulrike, |
| Relator term |
author. |
| 245 10 - TITLE STATEMENT |
| Title |
Light, nature, architecture : |
| Remainder of title |
a guide to holistic lighting design / |
| Statement of responsibility, etc |
Ulrike Brandi. |
| 250 ## - EDITION STATEMENT |
| Edition statement |
1. |
| 263 ## - PROJECTED PUBLICATION DATE |
| Projected publication date |
2302 |
| 300 ## - PHYSICAL DESCRIPTION |
| Extent |
pages cm |
| 942 ## - ADDED ENTRY ELEMENTS (KOHA) |
| Source of classification or shelving scheme |
|